01014cam a2200229 a 450000100100000000500170001000800410002702000270006804000250009508200160012024500740013626001770021030000170038749000210040449000510042550400350047650500220051170000310053371001480056483000210071283000510073300000650020200929153936.0900426s1989 cl a f000 0 spa d a9586430499 (tapa dura) aDO-SdBNPbspacBNPHU a986.1bE36r04aLos ejercitos del rey /ccompilación y prólogo Alberto Lee Lopez. aBogotá, Colombia :bFundación para la conmemoración del bicentenario del natalicio y el sesquicentenario de la muerte del general Francisco de Paula Santander,c1989. av. ;c26 cm.1 aDocumentos ;v161 aBiblioteca de la Presidencia de la República aBibliográfía : p. 365-366.0 gv. 2.t1818-1819.1 aLee-Lopez, Alberto,ecomp.1 aFundación para la conmemoración del bicentenario del natalicio y el sesquicentenario de la muerte del general Francisco de Paula Santander. 0aDocumentos ;n16 0aBiblioteca de la Presidencia de la República